000 01072nmc a2200385 a 4500
003 AR-BaBNM
005 20251128204426.0
008 011101s1979 ||||||||||||||000 | spa||
040 _cAR-BaBNM
100 1 _aSharp, Margaret
245 1 0 _aPsicología del aprendizaje
260 _aBuenos Aires
_bKapelusz
_c1979
300 0 _a143 p.
_bgráfs.
490 0 _aBiblioteca de cultura pedagógica
500 0 _aContiene glosario
650 4 _aPSICOLOGIA DE LA EDUCACION
650 4 _aPROCESO DE APRENDIZAJE
650 4 _aAPTITUD COGNOSCITIVA
650 4 _aAPTITUD LINGUISTICA
650 4 _aATENCION
650 4 _aHERENCIA
650 4 _aRELACION PADRES-HIJOS
650 4 _aAPTITUD PARA LA ESCOLARIDAD
650 4 _aPRUEBAS DE INTELIGENCIA
650 4 _aDIFICULTADES EN EL APRENDIZAJE
650 4 _aDESARROLLO INTELECTUAL
650 4 _aMEMORIZACION
650 4 _aCENTROS DE INTERES
650 4 _aCOMPRENSION
650 4 _aRETRASO EN LOS ESTUDIOS
650 4 _aROL DEL DOCENTE
653 0 _aDISCAPACIDAD MOTORA
942 _cBK
998 _cGrace
999 _c7383
_d7383